000 00452nam a2200205Ia 4500
003 0100
008 130227s9999 xx 000 0 und d
040 _cARRUPELIB
050 _aB765.T54F413 2009
100 _aFeser, Edward
245 _aAquinas
260 _aOxford
260 _bOneworld
260 _C2009
300 _aix
300 _b 205p. 20cm.
650 _bMarcellin Champagnat, Bl
650 _cMarist Brothers
942 _2lcc
_06
999 _c1004
_d1004